| 000 | 00836nam a2200193 a 4500 | ||
|---|---|---|---|
| 005 | 20250211063743.0 | ||
| 008 | 991125s1956 mx 000 0 spa u | ||
| 035 | _aUPN01000000300 | ||
| 049 | _aSEP | ||
| 050 | 4 |
_aL227 _bA2 1956 |
|
| 110 | 1 |
_aMéxico. _bSecretaría de Educación Pública |
|
| 245 | 1 | 0 |
_aAcción educativa del gobierno federal del 1o. de septiembre de 1955 al 31 de agosto de 1956 : _bmemoria / _cSecretaría de Educación Pública. |
| 260 |
_aMéxico : _bPoder Ejecutivo Federal, _c1956. |
||
| 300 | _a361 p. | ||
| 500 | _a"Informe que rinde al C. Presidente de la República, Don Adolfo Ruiz Cortinez, el C. Secretario de Educación Pública, Lic. José Angel Ceniceros" | ||
| 610 | 1 | 4 |
_aMéxico. _bSecretaría de Educación Pública _vInformes _95954 |
| 650 | 7 |
_aEducación _zMéxico _vInformes _2 _917193 |
|
| 905 | _aLibro | ||
| 999 |
_c300 _d300 |
||